Repairs in English and Vietnamese Conversations /

Gespeichert in:
Bibliographische Detailangaben
1. Verfasser: Nguyễn Thị Minh Hạnh
Weitere Verfasser: Luu Quy Khuong Ph.Dr huong dan
Format: Unbekannt
Sprache:English
Veröffentlicht: 2011.
Schlagworte:
Tags: Tag hinzufügen
Keine Tags, Fügen Sie den ersten Tag hinzu!
Thư viện lưu trữ: Mạng thư viện Đại học Đà Nẵng
LEADER 01105na a2200313 4500
001 000030948
003 5060
005 20221202155703.0
008 151001s2011 000 eng
082 |a 420.4  |b NG-H 
100 |a Nguyễn Thị Minh Hạnh 
245 0 |a Repairs in English and Vietnamese Conversations /  |c Nguyễn Thị Minh Hạnh. 
260 |c 2011. 
300 |a 87tr. : mh ; 30cm. 
650 |a Repairs in English and Vietnamese Conversations, 2011 
700 |a Luu Quy Khuong  |b Ph.Dr  |c huong dan 
852 |c Luận văn Thạc sĩ 
OWN |a LNN 
AVA |a UDN50  |b LNN  |c English  |d 420.4 NG-H  |e available  |t Error 5001 Not defined in file expand_doc_bib_avail.  |f 1  |g 0  |h N  |i 0  |j AN  |k 1 
999 |a From the UDN01 
AVA |a UDN50  |b LNN  |c English  |d 420.4 NG-H  |e available  |t Error 5001 Not defined in file expand_doc_bib_avail.  |f 1  |g 0  |h N  |i 0  |j AN  |k 1 
TYP |a Printed language 
980 |a Mạng thư viện Đại học Đà Nẵng